Entre los muertos / (Registro nro. 11761)

Detalles MARC
000 -CABECERA
Longitud fija campo de control 00839cam a22002657i 4500
003 - • IDENTIFICADOR DELl NÚMERO DE CONTROL
Identificador del número de control CO-ViMGA
005 - • FECHA Y HORA DE LA ÚLTIMA TRANSACCIÓN
Fecha y hora de la última transacción 20230915224412.0
008 - • CÓDIGOS DE INFORMACIÓN DE LONGITUD FIJA
Códigos de información de longitud fija 100601s2009 sp a | |||| 000 c spa
020 ## - • NÚMERO INTERNACIONAL NORMALIZADO PARA LIBROS
Número Internacional Normalizado para Libros (ISBN) 9788498851014
040 ## - FUENTE DE LA CATALOGACIÓN
Centro catalogador de origen CO-ViMGA
Lengua de catalogación spa
Centro transcriptor CO-ViMGA
041 1# - • CÓDIGO DE LENGUA
Código de lengua original eng
082 ## - • NÚMERO DE LA CLASIFICACIÓN DECIMAL DEWEY
Número de clasificación (R) 741.5
Número del ítem M45e
100 1# - • PUNTO DE ACCESO PRINCIPAL-NOMBRE DE PERSONA
Nombre de persona Millar, Mark
Fechas asociadas al nombre 1969-
245 10 - • TITULO PROPIAMENTE DICHO
Título Entre los muertos /
Medio [Texto impreso]
Mención de responsabilidad, etc. Millar, Dodson, Cho ; [traducción, Santiago García]
300 ## - • DESCRIPCIÓN FÍSICA
Extensión [144] p.
Otras características físicas principalmente il. col.
Dimensiones 26 cm.
490 0# - • MENCIÓN DE SERIE
Mención de serie Marvel deluxe
490 0# - • MENCIÓN DE SERIE
Mención de serie Spiderman. Marvel knights
650 14 - • PUNTO DE ACCESO ADICIONAL DE MATERIA - TÉRMINO DE MATERIA
Término de materia o nombre geográfico como elemento inicial Tiras comicas, historietas, etc.
650 14 - • PUNTO DE ACCESO ADICIONAL DE MATERIA - TÉRMINO DE MATERIA
Término de materia o nombre geográfico como elemento inicial Comics
700 1# - • PUNTO DE ACCESO ADICIONAL - NOMBRE DE PERSONA
Nombre de persona Cho, Frank
Fechas asociadas al nombre 1971-
700 1# - • PUNTO DE ACCESO ADICIONAL - NOMBRE DE PERSONA
Nombre de persona Dodson, Terry
942 ## - ENTRADA DE ELEMENTOS AGREGADOS (KOHA)
Fuente de clasificaión o esquema Dewey Decimal Classification
Koha [por defecto] tipo de item LIbro
Existencias
Perdido Fuente de clasificación o esquema Estado Físico Restricciones de uso No para préstamo Forma de adquisición Localización permanente Localización actual Fecha adquisición Préstamos totales Signatura completa Código de barras Fecha última consulta Fecha del precio de reemplazo Tipo de item de Koha
  Dewey Decimal Classification   Restricted Access   Sala General Biblioteca Comunitaria - Villavicencio Biblioteca Comunitaria - Villavicencio 05/05/2017   741.5 M45e 031978 03/15/2018 05/05/2017 LIbro









Instituto Departamental de Cultura del Meta - Red Departamental de Bibliotecas Públicas del Meta.